| 000 | 00615nam a2200181 a 4500 | ||
|---|---|---|---|
| 008 | 080109s1991 ||||||||||||||||| || u | ||
| 020 | _a0029186056 | ||
| 050 | _aHD 31 Lev | ||
| 100 | _aLevitt, Theodore, 1925- | ||
| 245 | 1 | 0 | _aThinking about management |
| 260 |
_aToronto _bFree Press Collier MacMillan _c1991 |
||
| 300 | _axii, 154p. : ill. | ||
| 350 | _a0.00 | ||
| 500 | _aIncludes index. | ||
| 650 | 0 | _aORGANIZATIONAL CHANGE | |
| 650 | 0 | _aMANAGEMENT | |
| 995 |
_D0.00 _FCBU-MAIN LIBRARY (Kitwe) _H1 _I0.00 _M1 _UAVAILABLE _ZMain Library Open Access Collection |
||
| 999 |
_c59836 _d59836 |
||